[Event "15th European Team Championship (Women)"]
[Site "Gothenburg SWE"]
[Date "2005.07.31"]
[EventDate "2005.07.30"]
[Round "2"]
[Result "0-1"]
[White "Kateryna Lahno"]
[Black "Antoaneta Stefanova"]
[WhiteElo "2498"]
[BlackElo "2501"]
[PlyCount "96"]

1. e4 e5 2. Nf3 Nc6 3. Bb5 a6 4. Ba4 Nf6 5. O-O b5 6. Bb3 Bc5
7. c3 d6 8. a4 Bg4 9. d3 Rb8 10. axb5 axb5 11. h3 Bh5 12. Bg5
h6 13. Be3 Bb6 14. Nbd2 O-O 15. g4 Bg6 16. Nh4 Bh7 17. Nf5
Bxf5 18. gxf5 d5 19. Bxb6 Rxb6 20. Qe2 b4 21. Kh2 bxc3
22. bxc3 dxe4 23. dxe4 Nh5 24. Bd5 Nf4 25. Qg4 Ne7 26. Rg1 g6
27. Nc4 Nfxd5 28. exd5 Rf6 29. Ne3 Kh7 30. Qe4 Nxf5 31. Ng4
Rd6 32. c4 c6 33. dxc6 Qc7 34. Ra6 Nd4 35. Qe3 h5 36. Qh6+ Kg8
37. Nxe5 Re6 38. f4 Rxe5 39. Rxg6+ fxg6 40. Qxg6+ Qg7
41. Qxg7+ Kxg7 42. fxe5 h4 43. Kg2 Rc8 44. c5 Nxc6 45. Ra4 Rh8
46. Kf3 Nxe5+ 47. Kf4 Rh5 48. Ra6 Ng6+ 0-1

[Event "15th European Team Championship (Women)"]
[Site "Gothenburg SWE"]
[Date "2005.08.02"]
[EventDate "2005.07.30"]
[Round "4"]
[Result "1-0"]
[White "Antoaneta Stefanova"]
[Black "Mirjana Medic"]
[WhiteElo "2501"]
[BlackElo "2268"]
[PlyCount "59"]

1. d4 d5 2. c4 e6 3. Nf3 Nf6 4. g3 c6 5. Nbd2 Be7 6. Bg2 O-O
7. O-O b6 8. Qc2 Bb7 9. e4 dxe4 10. Nxe4 Nxe4 11. Qxe4 Nd7
12. Rd1 Nf6 13. Qe2 Rc8 14. Ne5 Bd6 15. Bg5 Re8 16. Rac1 h6
17. Bxf6 Qxf6 18. c5 bxc5 19. Nd7 Qe7 20. dxc5 Bc7 21. Ne5
Bxe5 22. Qxe5 f6 23. Qe2 Rcd8 24. b4 e5 25. Be4 Qc7 26. Qf3
Re7 27. Qf5 Rd4 28. Qh7+ Kf7 29. Bg6+ Ke6 30. Qg8+ 1-0

[Event "15th European Team Championship (Women)"]
[Site "Gothenburg SWE"]
[Date "2005.08.04"]
[EventDate "2005.07.30"]
[Round "6"]
[Result "1-0"]
[White "Antoaneta Stefanova"]
[Black "Sabrina Vega Gutierrez"]
[WhiteElo "2501"]
[BlackElo "2262"]
[PlyCount "97"]

1. d4 d5 2. c4 e6 3. Nf3 c6 4. Qc2 dxc4 5. Qxc4 Nf6 6. Bg5 Be7
7. Nbd2 b6 8. e3 Ba6 9. Qc2 Bxf1 10. Nxf1 O-O 11. Ng3 Nd5
12. Bxe7 Qxe7 13. O-O c5 14. dxc5 Rc8 15. e4 Nf6 16. e5 Nd5
17. Ne4 Nd7 18. c6 Nc5 19. Nfg5 h6 20. Nxc5 Qxg5 21. Nd3 Ne7
22. c7 Nd5 23. Qc6 Nxc7 24. f4 Qf5 25. Qf3 Nb5 26. g4 Qg6
27. Nf2 Nd4 28. Qe4 Qxe4 29. Nxe4 Rc2 30. Rf2 Rac8 31. Nc3 b5
32. Rd1 Rxf2 33. Kxf2 Rc4 34. Rd2 b4 35. Ne4 b3 36. axb3 Nxb3
37. Rd8+ Kh7 38. Ke3 Rc7 39. h4 Na5 40. Nd6 Nb7 41. Re8 Rd7
42. Nb5 Na5 43. b4 Rb7 44. Nd6 Rxb4 45. Nxf7 Nc4+ 46. Ke2 Nb6
47. Rh8+ Kg6 48. Nd8 h5 49. f5+ 1-0

[Event "15th European Team Championship (Women)"]
[Site "Gothenburg SWE"]
[Date "2005.08.05"]
[EventDate "2005.07.30"]
[Round "7"]
[Result "1/2-1/2"]
[White "Iweta Radziewicz Rajlich"]
[Black "Antoaneta Stefanova"]
[WhiteElo "2447"]
[BlackElo "2501"]
[PlyCount "28"]

1. d4 d5 2. c4 c6 3. e3 Nf6 4. Nc3 e6 5. Nf3 a6 6. b3 Bb4
7. Bd2 Qe7 8. Bd3 Nbd7 9. O-O O-O 10. Re1 e5 11. dxe5 Nxe5
12. Nxe5 Qxe5 13. Nxd5 Nxd5 14. cxd5 Bxd2 1/2-1/2

[Event "15th European Team Championship (Women)"]
[Site "Gothenburg SWE"]
[Date "2005.08.06"]
[EventDate "2005.07.30"]
[Round "8"]
[Result "1/2-1/2"]
[White "Antoaneta Stefanova"]
[Black "Yelena Dembo"]
[WhiteElo "2501"]
[BlackElo "2428"]
[PlyCount "77"]

1. d4 Nf6 2. Bg5 d5 3. Bxf6 gxf6 4. c4 dxc4 5. e3 c5 6. Bxc4
cxd4 7. exd4 Bg7 8. Nf3 O-O 9. Nc3 Nc6 10. O-O a6 11. Rc1 Bg4
12. d5 Ne5 13. Be2 Bxf3 14. Bxf3 f5 15. g3 Qd6 16. Bg2 Rfd8
17. Ne2 Ng4 18. Qc2 Qf6 19. h3 Ne5 20. Rfd1 Ng6 21. f4 Qxb2
22. Qxb2 Bxb2 23. Rb1 Ba3 24. Rxb7 Rac8 25. Rb3 Bd6 26. Rd2
Rc4 27. Bf3 Bc5+ 28. Kg2 Nf8 29. Rdd3 Nd7 30. Rdc3 Rxc3
31. Rxc3 Rb8 32. Rc2 Rb4 33. Nc1 Bd6 34. Nb3 Ra4 35. Rd2 Bb4
36. Rc2 Bd6 37. Rd2 Bb4 38. Rc2 Bd6 39. Rd2 1/2-1/2

[Event "15th European Team Championship (Women)"]
[Site "Gothenburg SWE"]
[Date "2005.08.07"]
[EventDate "2005.07.30"]
[Round "9"]
[Result "1/2-1/2"]
[White "Antoaneta Stefanova"]
[Black "Alexandra Kosteniuk"]
[WhiteElo "2501"]
[BlackElo "2516"]
[PlyCount "63"]

1. d4 d5 2. c4 e6 3. Nc3 c6 4. e3 Nf6 5. Nf3 Nbd7 6. Bd3 dxc4
7. Bxc4 b5 8. Be2 Bb7 9. O-O a6 10. e4 c5 11. e5 Nd5 12. Ne4
Qb6 13. a4 Rc8 14. axb5 axb5 15. Bd2 c4 16. Qb1 Qc6 17. Rc1
Be7 18. b3 N7b6 19. Bg5 Bb4 20. bxc4 Nxc4 21. Bd2 Be7 22. Ra7
Rb8 23. Qa2 Ndb6 24. Nc3 O-O 25. Nxb5 Qxb5 26. Bxc4 Nxc4
27. Qxc4 Qxc4 28. Rxc4 Bd5 29. Rc1 Bb4 30. Be3 h6 31. Ne1 Bxe1
32. Rxe1 1/2-1/2

[Event "European Club Cup (Women)"]
[Site "Saint Vincent ITA"]
[Date "2005.09.18"]
[EventDate "2005.09.18"]
[Round "1"]
[Result "1/2-1/2"]
[White "Antoaneta Stefanova"]
[Black "Elina Danielian"]
[WhiteElo "2501"]
[BlackElo "2433"]
[PlyCount "79"]

1. d4 d5 2. c4 c6 3. e3 Nf6 4. Nc3 e6 5. Nf3 Nbd7 6. Bd3 dxc4
7. Bxc4 b5 8. Be2 Bb7 9. O-O Be7 10. e4 b4 11. e5 bxc3
12. exf6 Bxf6 13. bxc3 c5 14. dxc5 O-O 15. Be3 Be7 16. Bd3 h6
17. c6 Bxc6 18. Nd4 Bb7 19. Rb1 Nc5 20. Nxe6 fxe6 21. Bxc5 Qd5
22. Bh7+ Kxh7 23. Qxd5 Bxd5 24. Bxe7 Rf7 25. Bc5 Bxa2 26. Ra1
Bc4 27. Rfb1 a5 28. Ra4 Bd3 29. Rb2 Rf5 30. Bb6 Ra6 31. c4 Rf4
32. Rxa5 Rxa5 33. Bxa5 Rxc4 34. h3 Be4 35. Bb6 Rc1+ 36. Kh2
Rb1 37. Rxb1 Bxb1 38. h4 g5 39. Kg3 Kg6 40. hxg5 1/2-1/2

[Event "European Club Cup (Women)"]
[Site "Saint Vincent ITA"]
[Date "2005.09.19"]
[EventDate "2005.09.18"]
[Round "2"]
[Result "1-0"]
[White "Maia Lomineishvili"]
[Black "Antoaneta Stefanova"]
[WhiteElo "2420"]
[BlackElo "2501"]
[PlyCount "91"]

1. d4 d5 2. c4 c6 3. Nf3 Nf6 4. Nc3 a6 5. c5 Nbd7 6. Bf4 Nh5
7. Bg5 h6 8. Bd2 Nhf6 9. Qc2 g6 10. h3 Bg7 11. Bf4 O-O 12. e3
Ne4 13. Nxe4 dxe4 14. Nd2 e5 15. dxe5 Nxe5 16. Nxe4 Bf5
17. Bxe5 Bxe5 18. Bd3 Qa5+ 19. Ke2 Rad8 20. Rhd1 Rd5 21. Bc4
Rfd8 22. g4 Bxe4 23. Qxe4 Bxb2 24. Rab1 Rd2+ 25. Kf3 Kg7
26. Qe7 Rf8 27. Rxd2 Qxd2 28. Qxb7 Bf6 29. Qxc6 Bh4 30. Rf1
Qc3 31. Qd5 f5 32. Qd7+ Kh8 33. Qd4+ Qxd4 34. exd4 fxg4+
35. Kxg4 Bf6 36. d5 a5 37. f4 Bd4 38. c6 Bc5 39. f5 gxf5+
40. Rxf5 Re8 41. Ba6 Re7 42. Rf8+ Kg7 43. Rd8 Bb6 44. d6 h5+
45. Kxh5 Re5+ 46. Kg4 1-0

[Event "European Club Cup (Women)"]
[Site "Saint Vincent ITA"]
[Date "2005.09.21"]
[EventDate "2005.09.18"]
[Round "4"]
[Result "0-1"]
[White "Natalia Pogonina"]
[Black "Antoaneta Stefanova"]
[WhiteElo "2413"]
[BlackElo "2501"]
[PlyCount "130"]

1. e4 e5 2. Nf3 Nc6 3. Bb5 a6 4. Ba4 Nf6 5. O-O b5 6. Bb3 Bc5
7. a4 Bb7 8. d3 d6 9. Nc3 b4 10. Nd5 Na5 11. Ba2 Nxd5 12. Bxd5
c6 13. Ba2 Qf6 14. c3 bxc3 15. bxc3 Bb6 16. Rb1 Bc7 17. Ng5
O-O 18. f4 d5 19. fxe5 Qxe5 20. Bf4 Qe7 21. Bxc7 Qxc7 22. Qh5
h6 23. Nf3 Rae8 24. e5 c5 25. Kh1 Qd7 26. Qh4 c4 27. Ra1 cxd3
28. Rad1 Nc4 29. Bxc4 dxc4 30. Qxc4 Rc8 31. Rxd3 Rxc4 32. Rxd7
Bc8 33. Rd4 Rxc3 34. Kg1 Bb7 35. Rb4 Bc6 36. Nd4 a5 37. Rb3
Rxb3 38. Nxb3 Bd5 39. Nd4 Rc8 40. Rd1 Rc5 41. Rd2 h5 42. Kf2
Rc4 43. Nf3 Bxf3 44. Kxf3 Rxa4 45. Rd7 Ra1 46. h4 a4 47. Ra7
a3 48. Kf4 Kf8 49. Kg3 a2 50. Kh2 Ke8 51. g3 Kd8 52. Kg2 Kc8
53. Ra8+ Kb7 54. Ra3 Kc6 55. Ra8 Kd5 56. Ra5+ Ke4 57. Kh2 Kd3
58. Kg2 Ke4 59. Kh2 Kf3 60. Ra3+ Kf2 61. Ra7 Ke3 62. Ra3+ Kd4
63. Ra5 Kc4 64. Kg2 Kb3 65. Ra8 Rb1 0-1

[Event "European Club Cup (Women)"]
[Site "Saint Vincent ITA"]
[Date "2005.09.22"]
[EventDate "2005.09.18"]
[Round "5"]
[Result "1-0"]
[White "Antoaneta Stefanova"]
[Black "Ekaterina Kovalevskaya"]
[WhiteElo "2501"]
[BlackElo "2471"]
[PlyCount "113"]

1. d4 Nf6 2. c4 g6 3. Nf3 Bg7 4. g3 O-O 5. Bg2 c6 6. Nc3 d5
7. Ne5 Be6 8. b3 dxc4 9. Nxc4 Nd5 10. Ne4 Nb6 11. Na5 Qxd4
12. Qxd4 Bxd4 13. Rb1 f5 14. e3 Be5 15. Nc5 Bd5 16. O-O N8d7
17. Ncxb7 Rfc8 18. Ba3 Kf7 19. Rbc1 Bxg2 20. Kxg2 Rab8
21. Rxc6 Bc3 22. Rxc8 Rxc8 23. Nc6 Bf6 24. Rc1 Ra8 25. Nbd8+
Ke8 26. Ne6 Nd5 27. Rd1 N7b6 28. Bc5 Kf7 29. Ncd8+ Kg8 30. a4
Nc3 31. Rd3 Nbd5 32. a5 a6 33. f3 Rc8 34. b4 Nc7 35. Bxe7 Nxe6
36. Bxf6 Nxd8 37. Bxc3 Kf7 38. f4 Ke6 39. Kf3 Nf7 40. e4 Nd6
41. exf5+ gxf5 42. Be5 Ne4 43. Bd4 Nd6 44. g4 fxg4+ 45. Kxg4
Rc2 46. Rh3 Nf5 47. Bc5 h6 48. Rh5 Rg2+ 49. Kf3 Rb2 50. Ke4
Re2+ 51. Kd3 Re1 52. b5 axb5 53. a6 Ra1 54. a7 Ra4 55. Kc2
Rc4+ 56. Kb2 Ra4 57. Rh3 1-0

[Event "European Club Cup (Women)"]
[Site "Saint Vincent ITA"]
[Date "2005.09.23"]
[EventDate "2005.09.18"]
[Round "6"]
[Result "1/2-1/2"]
[White "Alisa Maric"]
[Black "Antoaneta Stefanova"]
[WhiteElo "2415"]
[BlackElo "2501"]
[PlyCount "107"]

1. d4 d5 2. c4 c6 3. Nc3 Nf6 4. e3 a6 5. Qc2 e6 6. Nf3 dxc4
7. Bxc4 c5 8. dxc5 Bxc5 9. a3 Nbd7 10. b4 Be7 11. Bb2 b5
12. Bd3 Bb7 13. Rd1 Rc8 14. Qb1 Qc7 15. Ne4 Nxe4 16. Bxe4 Bxe4
17. Qxe4 Bf6 18. Bxf6 Nxf6 19. Qd3 Qc3+ 20. Rd2 Qxd3 21. Rxd3
Rc1+ 22. Rd1 Rc3 23. O-O O-O 24. Ra1 Nd5 25. a4 Rc4 26. axb5
axb5 27. Rfb1 Rfc8 28. h3 f6 29. Nd4 Nc3 30. Rb3 e5 31. Nf5
Nd5 32. Ra5 Rb8 33. Ra7 Rc7 34. Rxc7 Nxc7 35. Rd3 Ne8 36. Rd7
Kf8 37. e4 Rb6 38. f3 Rc6 39. Ne3 Rc7 40. Rd8 Kf7 41. Nd5 Rb7
42. h4 h5 43. Kh2 Kf8 44. Kh3 Kf7 45. g4 hxg4+ 46. fxg4 Ra7
47. g5 fxg5 48. hxg5 g6 49. Kg4 Ra1 50. Rd7+ Kf8 51. Ne7 Rg1+
52. Kh4 Rh1+ 53. Kg3 Rg1+ 54. Kh4 1/2-1/2

[Event "European Club Cup (Women)"]
[Site "Saint Vincent ITA"]
[Date "2005.09.24"]
[EventDate "2005.09.18"]
[Round "7"]
[Result "0-1"]
[White "Irina Slavina Turova"]
[Black "Antoaneta Stefanova"]
[WhiteElo "2391"]
[BlackElo "2501"]
[PlyCount "98"]

1. d4 d5 2. c4 c6 3. Nf3 Nf6 4. Nc3 a6 5. cxd5 cxd5 6. Bg5 Ne4
7. Bh4 Nc6 8. e3 Qa5 9. Qb3 e6 10. Bd3 f5 11. a3 Bb4 12. Bxe4
fxe4 13. Nd2 Bd6 14. Bg3 Bxg3 15. hxg3 O-O 16. O-O Qd8
17. Rac1 Bd7 18. Qd1 Ne7 19. b4 Nf5 20. a4 Qg5 21. Nb3 Nh6
22. Qe1 Qh5 23. f3 exf3 24. gxf3 Rxf3 25. Rxf3 Qxf3 26. Nc5
Bc8 27. Qf2 Qxf2+ 28. Kxf2 b6 29. Nd3 Bd7 30. a5 bxa5 31. bxa5
Rf8+ 32. Ke2 Be8 33. Nf4 Nf5 34. Rg1 Bd7 35. Kd3 g5 36. Nfe2
Nd6 37. g4 Be8 38. Ng3 Rf2 39. Nce2 Bb5+ 40. Kd2 Rf3 41. Rh1
Bxe2 42. Nxe2 Ne4+ 43. Kc2 Rf2 44. Re1 Ng3 45. Kd3 Nxe2
46. Rxe2 Rxe2 47. Kxe2 Kg7 48. e4 h5 49. gxh5 Kh6 0-1

[Event "FIDE World Cup"]
[Site "Khanty-Mansiysk RUS"]
[Date "2005.11.27"]
[EventDate "2005.11.27"]
[Round "1"]
[Result "1-0"]
[White "Ivan Sokolov"]
[Black "Antoaneta Stefanova"]
[WhiteElo "2696"]
[BlackElo "2494"]
[PlyCount "89"]

1. d4 d5 2. c4 c6 3. Nf3 Nf6 4. Nc3 a6 5. c5 Nbd7 6. Bf4 Nh5
7. e3 b6 8. cxb6 Qxb6 9. Bd3 Nxf4 10. exf4 Qxb2 11. Rc1 g6
12. O-O Bh6 13. g3 O-O 14. Na4 Qb4 15. Rxc6 Bg7 16. Qc2 Rb8
17. Rc7 Rd8 18. Ra1 Nf8 19. a3 Qb3 20. Qxb3 Rxb3 21. Nc5 Rc3
22. Ne5 Bxe5 23. fxe5 Nd7 24. Ne6 Rxc7 25. Nxc7 Nb8 26. Rc1
Bh3 27. f3 h5 28. Kf2 Bc8 29. Ke3 e6 30. Rb1 Nc6 31. Nxa6 Bxa6
32. Bxa6 Ra8 33. Rb6 Ne7 34. a4 Nc8 35. Bxc8 Rxc8 36. Rb3 Rc2
37. Ra3 Rxh2 38. a5 Rc2 39. a6 Rc8 40. a7 Ra8 41. Kf4 Kf8
42. Kg5 Ke7 43. f4 Kf8 44. Kf6 Kg8 45. Ra1 1-0

[Event "FIDE World Cup"]
[Site "Khanty-Mansiysk RUS"]
[Date "2005.11.27"]
[EventDate "2005.11.27"]
[Round "1.2"]
[Result "1/2-1/2"]
[White "Antoaneta Stefanova"]
[Black "Ivan Sokolov"]
[WhiteElo "2494"]
[BlackElo "2696"]
[PlyCount "75"]

1. d4 d5 2. c4 c6 3. e3 Nf6 4. Nc3 e6 5. Nf3 a6 6. b3 Bb4
7. Bd2 O-O 8. Bd3 Nbd7 9. O-O Qe7 10. Qe1 a5 11. Bc2 e5 12. a3
Bd6 13. Nh4 g6 14. f4 e4 15. Qg3 Nh5 16. Qf2 f5 17. cxd5 Ndf6
18. Bd1 Nxd5 19. Nxd5 cxd5 20. Bxh5 gxh5 21. g3 Bd7 22. a4
Rfc8 23. Rfc1 b6 24. Qe2 Qe8 25. Qd1 Be7 26. Kf2 Kh8 27. Qe2
Rxc1 28. Rxc1 Rc8 29. Rxc8 Bxc8 30. Ng2 Kg7 31. Qd1 Kg6 32. h3
Qc6 33. Nh4+ Bxh4 34. gxh4 h6 35. Qg1+ Kf7 36. Qd1 Kg6
37. Qg1+ Kf7 38. Qd1 1/2-1/2

[Event "EU-ch (Women) 7th playoff"]
[Site "Kusadasi TUR"]
[Date "2006.??.??"]
[EventDate "?"]
[Round "1.2"]
[Result "0-1"]
[White "Ilaha Kadimova"]
[Black "Antoaneta Stefanova"]
[WhiteElo "2310"]
[BlackElo "2502"]
[PlyCount "55"]

1.d4 d5 2.c4 c6 3.Nf3 Nf6 4.Qb3 e6 5.g3 b6 6.Bg2 Nbd7 7.O-O
Ba6 8.cxd5 cxd5 9.Nc3 Be7 10.Bf4 Bc4 11.Qa4 O-O 12.Rfc1 a5
13.Nd2 Rc8 14.e4 Bb4 15.a3 b5 16.Qd1 Bxc3 17.Rxc3 dxe4 18.Nxe4
Nxe4 19.Bxe4 Nf6 20.Bb7 Nd5 21.Rf3 Nxf4 22.Bxc8 Be2 23.Qd2
Nh3+ 24.Kg2 Bxf3+ 25.Kxf3 Qd5+ 26.Ke3 Rxc8 27.f4 f5 28.Qd1 0-1

[Event "Gibtelecom Chess Festival"]
[Site "Gibraltar"]
[Date "2006.01.24"]
[EventDate "2006.01.24"]
[Round "1.23"]
[Result "1-0"]
[White "Antoaneta Stefanova"]
[Black "Kruttika Nadig"]
[WhiteElo "2499"]
[BlackElo "2237"]
[PlyCount "77"]

1. d4 Nf6 2. Bg5 Ne4 3. Bf4 c5 4. f3 Qa5+ 5. c3 Nf6 6. d5 e6
7. e4 b5 8. a4 b4 9. Nd2 bxc3 10. Nc4 Qb4 11. bxc3 Qxc3+
12. Bd2 Qd4 13. Qc1 Nxe4 14. fxe4 Qxe4+ 15. Ne3 exd5 16. Be2
Bb7 17. Bf3 Qe6 18. Ne2 Bd6 19. Nc3 O-O 20. O-O Bc6 21. Nexd5
Na6 22. Bf4 Rae8 23. Qd2 Bxf4 24. Nxf4 Qh6 25. Bxc6 Qxc6
26. Rad1 Re7 27. Qd6 Qxd6 28. Rxd6 Nb4 29. Nfd5 Nxd5 30. Rxd5
Rc8 31. Rfd1 Re3 32. Rxd7 Rce8 33. Nb5 h6 34. Rxa7 Rb3 35. Rf1
f6 36. Nd6 Rf8 37. Re1 Rfb8 38. a5 g6 39. Ne4 1-0

[Event "Gibtelecom Chess Festival"]
[Site "Gibraltar"]
[Date "2006.01.26"]
[EventDate "2006.01.24"]
[Round "3.3"]
[Result "0-1"]
[White "Antoaneta Stefanova"]
[Black "Vladimir Akopian"]
[WhiteElo "2499"]
[BlackElo "2704"]
[PlyCount "104"]

1. d4 Nf6 2. Bg5 Ne4 3. Bf4 c5 4. f3 Nf6 5. d5 Qb6 6. Be5 e6
7. e4 d6 8. Bc3 Be7 9. Bc4 exd5 10. exd5 O-O 11. Ne2 Nbd7
12. a4 Qc7 13. a5 a6 14. O-O b5 15. axb6 Nxb6 16. Na3 Na4
17. Qd2 Nxc3 18. Nxc3 Nd7 19. Rfe1 Bf6 20. Bf1 Nb6 21. Nc4 Bf5
22. Ne3 Bg6 23. Kh1 h5 24. f4 Rfe8 25. Rxa6 Rab8 26. Nb5 Qd8
27. Na7 Qc7 28. Nc6 Ra8 29. Rxa8 Rxa8 30. f5 Bh7 31. Qd1 Qd7
32. Bb5 Bxf5 33. Ne7+ Qxe7 34. Nxf5 Qf8 35. Qxh5 g6 36. Qg4
Bxb2 37. h4 Kh8 38. Ne3 Qh6 39. Bc6 f5 40. Qh3 Ra3 41. Qg3 f4
42. Nf5 Rxg3 43. Nxh6 Kg7 44. Rb1 Nc4 45. Bb5 Ne3 46. Rxb2
Rxg2 47. Bd3 Kxh6 48. Rb6 f3 49. Rxd6 Ng4 50. Rxg6+ Kh5
51. Rxg4 Kxg4 52. Bf1 Rxc2 0-1

[Event "Gibtelecom Chess Festival"]
[Site "Gibraltar"]
[Date "2006.01.29"]
[EventDate "2006.01.24"]
[Round "6.9"]
[Result "1/2-1/2"]
[White "Zahar Efimenko"]
[Black "Antoaneta Stefanova"]
[WhiteElo "2666"]
[BlackElo "2499"]
[PlyCount "99"]

1. e4 e5 2. Nf3 Nc6 3. Bc4 Bc5 4. c3 Nf6 5. d3 a6 6. h3 O-O
7. Bb3 d5 8. Qe2 h6 9. Nbd2 Be6 10. Bc2 dxe4 11. dxe4 Nh5
12. g3 Qf6 13. Nh4 Rad8 14. Nf5 Qg6 15. Nf3 Bxf5 16. exf5 Qd6
17. Nd2 Nf6 18. Ne4 Nxe4 19. Qxe4 Ne7 20. O-O Nd5 21. Rd1 Qc6
22. Ba4 b5 23. Bb3 Ne7 24. Qxc6 Nxc6 25. Kf1 a5 26. a4 b4
27. f6 Rxd1+ 28. Bxd1 Rd8 29. Bc2 Rd6 30. fxg7 Rf6 31. f4 exf4
32. Bxf4 Bd6 33. Ke2 bxc3 34. bxc3 Bxf4 35. gxf4 Rxf4 36. Rg1
Ne7 37. Bb3 c5 38. Rg3 Rf6 39. Re3 Ng6 40. Re8+ Kxg7 41. Ra8
Rb6 42. Bc2 Nf4+ 43. Kd2 Rd6+ 44. Kc1 Ne2+ 45. Kb2 Rb6+
46. Ka3 Nxc3 47. Rxa5 Nb1+ 48. Ka2 Nc3+ 49. Ka3 Nb1+ 50. Ka2
1/2-1/2

[Event "Gibtelecom Chess Festival"]
[Site "Gibraltar"]
[Date "2006.01.30"]
[EventDate "2006.01.24"]
[Round "7.15"]
[Result "0-1"]
[White "Antoaneta Stefanova"]
[Black "Nicholas Speck"]
[WhiteElo "2499"]
[BlackElo "2371"]
[PlyCount "132"]

1. d4 g6 2. e4 Bg7 3. Nc3 d6 4. Be3 a6 5. f4 b5 6. Nf3 Bb7
7. Bd3 Nd7 8. a4 b4 9. Ne2 Ngf6 10. Ng3 c5 11. c3 Qa5 12. Bd2
bxc3 13. bxc3 Qc7 14. e5 Nd5 15. O-O O-O 16. e6 fxe6 17. Ng5
cxd4 18. Nxe6 Qc6 19. cxd4 Ne3 20. Qe2 Nxf1 21. Rxf1 Qxa4
22. Kh1 Rf7 23. f5 Nf8 24. Ng5 Bf6 25. fxg6 hxg6 26. Nxf7 Kxf7
27. Qg4 Qa2 28. Rf2 Rc8 29. h4 Qe6 30. Nf5 gxf5 31. Bxf5 Qc4
32. Qh5+ Kg8 33. Rf4 Bg7 34. Rg4 Qf7 35. Qh6 e6 36. Bd3 Rc7
37. Qg5 Bd5 38. Qd8 Qe7 39. Qb8 Rb7 40. Qc8 Qc7 41. Qe8 Qf7
42. Qd8 Qh5 43. Be2 Qf5 44. Bf4 Qb1+ 45. Kh2 Rd7 46. Qe8 Qf5
47. Bh6 Qf6 48. Qh5 a5 49. Bb5 Rb7 50. Be8 e5 51. Rg5 Be6
52. dxe5 dxe5 53. Rg3 e4 54. Bc6 Rc7 55. Bxe4 a4 56. Bg5 Qe5
57. Qf3 Rc3 58. Be3 Rc4 59. Bh6 Rc3 60. Be3 a3 61. h5 a2
62. h6 Rxe3 63. Qxe3 Qh5+ 64. Kg1 a1=Q+ 65. Kf2 Qf6+ 66. Bf3
Qhxh6 0-1

[Event "Gibtelecom Chess Festival"]
[Site "Gibraltar"]
[Date "2006.01.31"]
[EventDate "2006.01.24"]
[Round "8.20"]
[Result "0-1"]
[White "Anupama Gokhale"]
[Black "Antoaneta Stefanova"]
[WhiteElo "2198"]
[BlackElo "2499"]
[PlyCount "72"]

1. d4 d5 2. c4 c6 3. Nf3 Nf6 4. e3 Bf5 5. cxd5 cxd5 6. Qb3 Qc7
7. Bd2 Nc6 8. Bb5 e6 9. O-O Bd6 10. Bb4 O-O 11. Bxd6 Qxd6
12. Bxc6 Qxc6 13. Ne5 Qa6 14. Nc3 Rfc8 15. Rfc1 Ne8 16. Nb5
Qb6 17. Qb4 Rxc1+ 18. Rxc1 Qd8 19. Rc5 a6 20. Nc3 Nd6 21. a4
f6 22. Nf3 b6 23. Rc6 Nc4 24. e4 dxe4 25. Qxc4 exf3 26. d5
exd5 27. Nxd5 b5 28. Qb3 bxa4 29. Qxf3 Qe8 30. Qd1 Rd8 31. Rc4
Qd7 32. Rd4 Kh8 33. g4 Be6 34. Qxa4 Qxa4 35. Rxa4 Bxd5
36. Rxa6 Bb7 0-1

[Event "Gibtelecom Chess Festival"]
[Site "Gibraltar"]
[Date "2006.02.01"]
[EventDate "2006.01.24"]
[Round "9.15"]
[Result "1/2-1/2"]
[White "Antoaneta Stefanova"]
[Black "Gerard Welling"]
[WhiteElo "2499"]
[BlackElo "2405"]
[PlyCount "65"]

1. d4 e6 2. g3 f5 3. Bg2 Nf6 4. Nf3 Be7 5. c4 O-O 6. O-O d6
7. Nc3 Ne4 8. Nxe4 fxe4 9. Nd2 d5 10. Qc2 Nc6 11. e3 Bg5
12. Qc3 a5 13. f3 exf3 14. Nxf3 Bf6 15. b3 Qd6 16. Bb2 Bd7
17. Ne5 Be8 18. Kh1 a4 19. b4 dxc4 20. b5 a3 21. Nxc4 axb2
22. Nxd6 bxa1=Q 23. Rxa1 cxd6 24. bxc6 bxc6 25. Qb4 c5 26. Qb3
d5 27. Qb6 cxd4 28. exd4 Bf7 29. Bh3 Rfb8 30. Qc5 Rc8 31. Qb6
Rcb8 32. Qc5 Rc8 33. Qb6 1/2-1/2

[Event "FIDE Women's World Championship"]
[Site "Ekaterinburg RUS"]
[Date "2006.03.11"]
[EventDate "?"]
[Round "11"]
[Result "0-1"]
[White "Amina Mezioud"]
[Black "Antoaneta Stefanova"]
[WhiteElo "1989"]
[BlackElo "2499"]
[PlyCount "75"]

1. e4 d5 2. exd5 Qxd5 3. d4 Nc6 4. Nf3 Bg4 5. Be2 O-O-O 6. c3
e5 7. Be3 e4 8. Nfd2 Bxe2 9. Qxe2 Nf6 10. Nb3 Qf5 11. N1d2 Bd6
12. O-O-O Nd5 13. g3 Rhe8 14. Rde1 Qg6 15. Rhf1 f5 16. Nc4 Be7
17. Bd2 Bf6 18. Rg1 Qf7 19. Ne3 g6 20. Kb1 Nb6 21. Rc1 Bg7
22. Rgd1 Kb8 23. h4 h6 24. Ka1 Ne7 25. Be1 g5 26. Nd2 gxh4
27. gxh4 Ng6 28. Ng2 f4 29. Qh5 Rd5 30. Qg4 Ra5 31. c4 h5
32. Qh3 Ra6 33. Nb3 Nxc4 34. Qc3 Rc6 35. Qb4 Qd5 36. Nc5 Nb6
37. Rc3 Rd8 38. Ra3 0-1

[Event "7th European Individual Championship: Women"]
[Site "Kusadasi TUR"]
[Date "2006.04.04"]
[EventDate "2006.04.04"]
[Round "1"]
[Result "1-0"]
[White "Antoaneta Stefanova"]
[Black "Suzana Maksimovic"]
[WhiteElo "2499"]
[BlackElo "2276"]
[PlyCount "79"]

1. d4 Nf6 2. Bg5 c5 3. d5 Ne4 4. Bf4 Qb6 5. Qc1 e6 6. f3 Nf6
7. e4 exd5 8. e5 Nh5 9. Bd2 Qe6 10. g4 Qxe5+ 11. Kf2 c4
12. gxh5 Bc5+ 13. Kg2 O-O 14. Ne2 Nc6 15. Nbc3 d6 16. Ng3 Qd4
17. Be1 Qh4 18. h3 Be6 19. h6 f5 20. Nge2 Qh5 21. Nf4 Qxh6
22. Ncxd5 Bxd5 23. Nxd5 f4 24. Bxc4 Ne5 25. Nf6+ Kh8 26. Ng4
Qg6 27. Bd5 h5 28. Be4 Qg5 29. h4 Qe7 30. Nxe5 dxe5 31. Bf2
Bxf2 32. Kxf2 Rad8 33. Qe1 Rd4 34. Rd1 Rfd8 35. Rxd4 Rxd4
36. Qc3 Qd8 37. Ke2 b5 38. Bd3 a6 39. Qc6 Qe7 40. Qg6 1-0

[Event "7th European Individual Championship: Women"]
[Site "Kusadasi TUR"]
[Date "2006.04.06"]
[EventDate "2006.04.04"]
[Round "3"]
[Result "1/2-1/2"]
[White "Antoaneta Stefanova"]
[Black "Irina Chelushkina"]
[WhiteElo "2499"]
[BlackElo "2312"]
[PlyCount "136"]

1. d4 Nf6 2. Bg5 c5 3. Bxf6 exf6 4. d5 d6 5. g3 f5 6. Bg2 Be7
7. Nd2 O-O 8. a4 Re8 9. Ngf3 Nd7 10. Nc4 Nf6 11. O-O Bd7
12. c3 Bf8 13. Qd3 g6 14. Nfd2 a6 15. a5 Bb5 16. Rfe1 Nd7
17. Qc2 b6 18. Ne3 Nf6 19. axb6 Qxb6 20. Nec4 Qc7 21. e3 Rab8
22. Ra3 h5 23. Rea1 Ne4 24. b3 Qe7 25. Nxe4 fxe4 26. Nd2 Bd3
27. Qc1 Bg7 28. Bf1 Bxf1 29. Nxf1 Qe5 30. c4 h4 31. Nd2 Ra8
32. R1a2 Qc3 33. Qxc3 Bxc3 34. Nb1 Bb4 35. Rxa6 Rxa6 36. Rxa6
h3 37. f3 Be1 38. Kf1 Bxg3 39. hxg3 exf3 40. Ra2 Rxe3 41. Rh2
Rxb3 42. Nd2 Rd3 43. Rf2 g5 44. Nxf3 g4 45. Nh2 Rd1+ 46. Ke2
Rd4 47. Ke3 Rxc4 48. Rf4 Rc3+ 49. Ke4 Rxg3 50. Nxg4 Kg7
51. Ne3 Kg6 52. Rf2 f6 53. Kf4 Rg5 54. Rd2 f5 55. Rh2 Rh5
56. Kg3 Kf6 57. Nc4 f4+ 58. Kg4 Rxd5 59. Rxh3 Rd4 60. Rh6+ Ke7
61. Nb6 d5 62. Kf5 f3 63. Re6+ Kd8 64. Rf6 Ke7 65. Nc8+ Kd7
66. Nb6+ Ke7 67. Nc8+ Kd8 68. Nb6 Ke8 1/2-1/2

[Event "7th European Individual Championship: Women"]
[Site "Kusadasi TUR"]
[Date "2006.04.07"]
[EventDate "2006.04.04"]
[Round "4"]
[Result "1-0"]
[White "Joanna Majdan-Gajewska"]
[Black "Antoaneta Stefanova"]
[WhiteElo "2256"]
[BlackElo "2499"]
[PlyCount "93"]

1. e4 e5 2. Nf3 Nc6 3. Bb5 a6 4. Ba4 Nf6 5. O-O Bc5 6. c3 b5
7. Bb3 d6 8. d4 Bb6 9. a4 Bg4 10. axb5 axb5 11. Rxa8 Qxa8
12. h3 Bh5 13. d5 Na5 14. Bc2 c6 15. dxc6 Qxc6 16. Bg5 Bd8
17. Na3 O-O 18. Bxf6 Bxf3 19. Qxf3 Bxf6 20. Qe2 Rb8 21. Bd3 b4
22. cxb4 Rxb4 23. Qd2 Qb6 24. Rc1 h6 25. Rc8+ Kh7 26. Qe2 g6
27. Nb5 Kg7 28. Nc7 Bg5 29. Qf3 Bf4 30. g3 Nb3 31. gxf4 Nd4
32. Qe3 Rxb2 33. f5 g5 34. h4 Qb3 35. Ne8+ Kf8 36. Nf6+ Ke7
37. hxg5 Qd1+ 38. Kg2 hxg5 39. Nd5+ Kd7 40. Rc7+ Ke8 41. Qh3
Rxf2+ 42. Kxf2 Qd2+ 43. Kg1 Qe1+ 44. Bf1 Ne2+ 45. Kg2 Nf4+
46. Nxf4 Qxe4+ 47. Qf3 1-0